| 000 | 00770nam a2200265Ia 4500 | ||
|---|---|---|---|
| 003 | OSt | ||
| 005 | 20221007123731.0 | ||
| 006 | a|||||r|||| 00| 0 | ||
| 007 | ta | ||
| 008 | 221006b |||||||| |||| 00| 0 eng d | ||
| 024 | _a9951 | ||
| 037 |
_bShankar, _cTextual |
||
| 040 |
_aCDL _cCDL _beng |
||
| 041 |
_2eng _aeng |
||
| 082 | _aE0aG:55, P1 Carc | ||
| 100 |
_aWarren Dorothy _9717731 |
||
| 245 | 0 | _aGreen chemistry: a resource outlining | |
| 260 |
_aLondon _bRoyal Society of Chemsitry _c2001 |
||
| 300 |
_aiv, 98p _ccm. |
||
| 500 | _aBibiliographical references 97-98p | ||
| 650 |
_a Green chemsitry _9717732 |
||
| 650 | _aChemistry | ||
| 942 |
_hE0aG:55, P1 Carc _cTEXL _2CC |
||
| 999 |
_c1212413 _d1212413 |
||